Crecimiento en América Latina: en busca del tiempo perdido
Gorde:
| Egile nagusia: | |
|---|---|
| Formatua: | Liburua |
| Hizkuntza: | gaztelania |
| Argitaratua: |
Bogotá
Banco Mundial
2005
Bogotá Alfaomega 2005 |
| Edizioa: | 1a. ed |
| Saila: | Serie Desarrollo para Todos, 8
|
| Gaiak: | |
| Etiketak: |
Etiketa erantsi
Etiketarik gabe, Izan zaitez lehena erregistro honi etiketa jartzen!
|
MARC
| LEADER | 00000nam a2200000 a 4500 | ||
|---|---|---|---|
| 001 | UCK8025 | ||
| 003 | CL-VaPUC | ||
| 008 | 060113e20050000ck |||||||||||||||||spa|d | ||
| 020 | |a 9586825728 | ||
| 082 | 0 | 4 | |a 338.98 |b PER |2 21 |
| 100 | 0 | |a Perry, Guillermo |e author |9 497810 | |
| 245 | 1 | 0 | |a Crecimiento en América Latina: en busca del tiempo perdido |
| 250 | |a 1a. ed | ||
| 300 | |a 64 p | ||
| 942 | |c BK | ||
| 945 | |d 20060113 00:00:00 |a cmena | ||
| 260 | |a Bogotá |b Banco Mundial |c 2005 | ||
| 260 | |a Bogotá |b Alfaomega |c 2005 | ||
| 650 | 0 | |a Desarrollo económico y social |9 256320 | |
| 650 | 0 | |a Problemas sociales |9 258537 | |
| 650 | 0 | |a Pobreza |9 258652 | |
| 650 | 0 | |a Política gubernamental |9 262286 | |
| 650 | 0 | |a Proyectos de inversión |9 261065 | |
| 650 | 0 | |a Igualdad de oportunidades |9 331873 | |
| 583 | |a last modification |c 20171004 05:17:44 |k Rodrigo Vera | ||
| 490 | 0 | |a Serie Desarrollo para Todos, 8 | |
| 999 | |c 315859 |d 315857 | ||
| 952 | |0 0 |1 0 |4 0 |6 338_980000000000000_PER_2005_2005 |7 0 |8 A |9 389678 |a BIBGIM |b BIBGIM |d 2019-11-22 |i 4199677 |o 338.98 PER 2005 2005 |p 4199677 |r 2025-01-15 |w 2019-11-22 |y BK |k GIM | ||